| 000 | 01164cad a22002415a 4500 | ||
|---|---|---|---|
| 001 | L146865 | ||
| 008 | 090304s2009 xxkad f s 000 0 eng d | ||
| 035 | _a(Sirsi) u146865 | ||
| 041 | 0 | _aeng | |
| 050 | 0 | 4 | _a333.33 $2 18 |
| 110 | 2 |
_aCushman and Wakefield _9244 |
|
| 245 | 0 | 0 |
_aEuropean economic pulse _bevery country has its story _h[electronic resource] |
| 260 |
_aLondon _bCushman and Wakefield _c2009 |
||
| 490 | 0 | _aEuropean Economic Pulse | |
| 520 | _aReports that the full impact of the economic downturn is now being felt in Europe. Argues that it is clear there is more bad news to come as corporate de-stocking and weakening exports add to the problems caused by consumer stress, credit shortages and uncertainty in the financial markets. | ||
| 521 | _aAdvanced | ||
| 590 | _aKA | ||
| 650 | 2 | 4 | _aCUSHMAN AND WAKEFIELD EUROPEAN ECONOMIC PULSE |
| 651 | 4 | _aEurope | |
| 690 | _aPROPERTY-COMMERCIAL PROPERTY-COMMERCIAL PROPERTY MARKET | ||
| 856 | 4 | 0 |
_uhttps://www.staging.cushwake.com/cwglobal/jsp/kcReportDetail.jsp?Country=GLOBAL&Language=EN&catId=100006&pId=c20700013p _zView this report free of charge at www.cushmanwakefield.com... |
| 942 | _n0 | ||
| 999 |
_c109323 _d109323 |
||